000 00719nam a22001577a 4500
999 _c61211
_d61211
005 20240108160446.0
008 240108s1967 ru ||||| |||| 00| 0 rus d
041 _arus
080 _a75 K-78
245 _aКраснофигурные аттические вазы в Эрмитаже :
_bКаталог /
_cСоставитель А.А.Передольская.
264 _aЛ. :
_bСоветский художник,
_c1967.
300 _a403с. :
_bил. ;
_c26см.
653 _aწითელფიგურიანი სხვენის ვაზები ერმიტაჟში
700 _aПередольская, А.А
_eშემდგენელი
_920359
942 _2udc
_cᲬᲘᲒᲜᲘ